| 000 | 00382nam a2200157Ia 4500 | ||
|---|---|---|---|
| 008 | 230917s9999||||xx |||||||||||||| ||und|| | ||
| 040 |
_e80718 _aMAIN |
||
| 041 | _aEnglish | ||
| 082 | _a346.03 R726W | ||
| 100 | _aWinfield | ||
| 245 | 0 | _aWinfield and Jojlowicz on tort | |
| 250 | _a10th ed. | ||
| 260 |
_aLondon _bSweet & Maxwell _c1977 |
||
| 300 | _aliii, 672 p. | ||
| 942 | _cBK | ||
| 999 |
_c187152 _d187152 |
||